000 00412nam a2200181Ia 4500
003 STCL
008 230726s9999 xx 000 0 und d
020 _a9780571258093
040 _aSTCL
_cSTCL
_bEN
082 _222
100 _aIshiguro, Kazuo
245 0 _aNever let me go
260 _bFaber and Faber
_aLondon
_c2005
300 _a282 p
365 _b499
546 _aEnglish
942 _2DDC
_e22
_cBKDDC
999 _c89476
_d89476